• 首页
  • 本馆介绍
  • 公告通知
  • 最新文献
  • 馆藏检索
  • 电子资源
  • 读者导购
  • 参考咨询
  • 我的图书馆
  • 登录
  • 详细信息显示
  • 放入我的书架
  • 预约/预借图书
  • 作者相关作品
  • 分类相关作品
  • 丛书相关作品
  • 出版社相关作品

书目信息

  • 表格格式
  • 工作单格式
  • 卡片格式
题名:
粉丝的自我修养
    
 
作者: 斯赋 著
分册:  
出版信息: 北京   九州出版社  2018
页数: 280页
开本: 24cm
丛书名:
单 册:
中图分类: G05
科图分类:
主题词: 偶像崇拜--ou xiang chong bai--文化社会学--研究
电子资源:
ISBN: 978-7-5108-6502-2
000 00972nam0 2200265 450
001 012001002877
005 20131031133141.0
010    @a978-7-5108-6502-2@dCNY68.00
099    @aCAL 012018130047
100    @a20180720d2018 em y0chiy50 ea
101 0  @achi
102    @aCN@b110000
105    @ay z 000yy
106    @ar
200 1  @a粉丝的自我修养@Afen si de zi wo xiu yang@d= Idol and fans@f斯赋著@zeng
210    @a北京@c九州出版社@d2018
215    @a280页@d24cm
314    @a斯赋, 北京大学博士。
330    @a本书着重分析我国当前的一些娱乐现象, 如明星高薪酬现象、各大电视台热衷真人秀的现象等, 并从社会学的视角, 对这些娱乐文化进行深度思考, 整体基调健康、积极、向上。本书主要内容包含: 粉丝经济的原理及表现, 粉丝文化的内涵以及娱乐市场的运作等。
510 1  @aIdol and fans@zeng
606 0  @a偶像崇拜@Aou xiang chong bai@x文化社会学@x研究
690    @aG05@v5
701  0 @a斯赋@Asi fu@4著
801    @b江苏凤凰@c20191020
905    @b1231026-9@dG05@e124@f4
    
    粉丝的自我修养= Idol and fans/斯赋著.-北京:九州出版社,2018
    280页;24cm
    
    
    ISBN 978-7-5108-6502-2:CNY68.00
    本书着重分析我国当前的一些娱乐现象, 如明星高薪酬现象、各大电视台热衷真人秀的现象等, 并从社会学的视角, 对这些娱乐文化进行深度思考, 整体基调健康、积极、向上。本书主要内容包含: 粉丝经济的原理及表现, 粉丝文化的内涵以及娱乐市场的运作等。
●
相关链接 在E读中查询图书 在五车中查询图书 在当当中查询图书 在豆瓣中查询图书


正题名:粉丝的自我修养     索取号:G05/124         预约/预借

序号 登录号 条形码 馆藏地/架位号 状态 备注
1 1231026   212310266   第一样本阅览室/ [索取号:G05/124] 在馆    
2 1231027   212310275   教育系资料室/ [索取号:G05/124] 在馆    
3 1231028   212310284   教育系资料室/ [索取号:G05/124] 在馆    
4 1231029   212310293   第四借阅区/ [索取号:G05/124] 在馆    
唐山师范学院图书馆 欢迎您!
大连网信软件有限公司© 版权所有